Datum a čas kvízu
36.5
Celkem bodů
Celkový počet nahraných bodů na tomto kvízu bez doplňovacích otázek.
3.
Pořadí na kvízu
Konečné umístění týmu na tomto kvízu.
Zaznamenané odpovědi
| # | Otázka | Odpověď | Body | Výsledky |
|---|---|---|---|---|
| 1. | Bývalý fotbalista Tomáš Řepka... | 2,5 roku | 1 | |
| 2. | Bílý dům chtěl po americkém ná... | John McCain | 1 | |
| 3. | Spekulace o obsazení hlavní ro... | Robert Pattinson | 1 | |
| 4. | V úterý byl vyhlášen v České r... | Den daňové svobody | 1 | |
| 5. | Jasně, stručně a výstižně popi... | Nevěděl, jak zápas skončil. | 1 | |
| 6. | Začneme samotným slovem vzduch... | povětří | 0 | |
| 7. | Nedaleko jednoho středočeského... | Čáslav | 1 | |
| 8. | Že má tento přístroj něco spol... | anemometr | 1 | |
| 9. | Na obrázku vidíme meteorologic... | izobary | 1 | |
| 10. | Vítr je zjednodušeně řečeno po... | meteorismus | 1 |